LEADER 00970nam0 22002771i 450 001 UON00514816 005 20231205105515.931 010 $a34-461-2641-4 100 $a20230530d1975 |0itac50 ba 101 $ager 102 $aDE 105 $a|||| ||||| 200 1 $aˆDie ‰erste Polka$eRoman$fHorst Bienek 210 $aMunchen$cCarl Hanser Verlag$d1975 215 $a378 p.$d18 cm 606 $aNARRATIVA TEDESCA$3UONC084005$2FI 620 $aDE$dMünchen$3UONL003025 676 $a833.914$cNarrativa tedesca, 1945-1990$v21 700 1$aBIENEK$bHorst$3UONV192199$0245394 712 $aHanser$3UONV265999$4650 801 $aIT$bSOL$c20240220$gRICA 899 $aSIBA - SISTEMA BIBLIOTECARIO DI ATENEO$2UONSI 912 $aUON00514816 950 $aSIBA - SISTEMA BIBLIOTECARIO DI ATENEO$dSI F. Goethe 830 BIE 1646 $eSI 43098 5 1646 996 $aErste Polka$93903139 997 $aUNIOR